[Event "FIN-ch"]
[Site "Sastamala"]
[Date "2021.07.24"]
[Round "8"]
[White "Keso, Elias"]
[Black "Pohjala, Henri"]
[Result "0-1"]
[WhiteElo "2263"]
[BlackElo "2358"]
[PlyCount "52"]
[EventDate "2021.07.17"]
[EventType "tourn"]
[EventRounds "9"]
[EventCountry "FIN"]
[EventCategory "2"]
[SourceTitle "CBM 203 Extra"]
[Source "ChessBase"]
[SourceDate "2021.09.30"]
[SourceVersion "1"]
[SourceVersionDate "2021.09.30"]
[SourceQuality "1"]

1. e4 e5 2. Nf3 d6 3. d4 exd4 4. Nxd4 Nc6 5. Nc3 Nf6 6. Bf4 Be7 7. Qd2 0-0 8. f3 a6 9. 0-0-0 Nxd4 10. Qxd4 Be6 11. g4 b5 12. h4 c5 13. Qd2 b4 14. Nd5 Nxd5 15. exd5 Bd7 16. h5 Qa5 17. Kb1 Bb5 18. g5 Bxf1 19. Rdxf1 Qb5 20. Re1 Rfe8 21. h6 g6 22. Rxe7 Rxe7 23. Bxd6 Re2 24. Qf4 Rae8 25. b3 Re1+ 26. Kb2 c4 0-1

[Event "Helsinki EtVaS CC"]
[Site "Helsinki"]
[Date "2020.09.06"]
[Round "5"]
[White "Keso, Elias"]
[Black "Paasikangas Tella, Johanna"]
[Result "1/2-1/2"]
[WhiteElo "2276"]
[BlackElo "2162"]
[PlyCount "53"]
[EventDate "2020.09.04"]
[EventType "tourn"]
[EventRounds "7"]
[EventCountry "FIN"]
[EventCategory "1"]
[SourceTitle "CBM 198 Extra"]
[Source "ChessBase"]
[SourceDate "2020.11.30"]
[SourceVersion "1"]
[SourceVersionDate "2020.11.30"]
[SourceQuality "1"]

1. e4 c5 2. Nf3 d6 3. d4 cxd4 4. Nxd4 Nf6 5. Nc3 g6 6. Be3 Bg7 7. f3 0-0 8. Qd2 Nc6 9. 0-0-0 d5 10. Nxc6 bxc6 11. Bh6 Qa5 12. Bxg7 Kxg7 13. e5 Nd7 14. h4 h5 15. e6 fxe6 16. g4 Qb4 17. gxh5 Qf4 18. Qxf4 Rxf4 19. hxg6 Kxg6 20. Bd3+ Kh6 21. Ne2 Rf6 22. f4 Nc5 23. Rdg1 Nxd3+ 24. cxd3 c5 25. Rg5 Bd7 26. Rhg1 Raf8 27. Kd2 1/2-1/2

[Event "Helsinki Mestarit Areenalla"]
[Site "Helsinki"]
[Date "2020.06.03"]
[Round "4"]
[White "Keso, Elias"]
[Black "Nyysti, Sampsa"]
[Result "0-1"]
[WhiteElo "2301"]
[BlackElo "2336"]
[PlyCount "60"]
[EventDate "2020.05.31"]
[EventType "tourn"]
[EventRounds "5"]
[EventCountry "FIN"]
[EventCategory "2"]
[SourceTitle "CBM 196 Extra"]
[Source "ChessBase"]
[SourceDate "2020.07.31"]
[SourceVersion "1"]
[SourceVersionDate "2020.07.31"]
[SourceQuality "1"]

1. e4 e5 2. Nf3 Nc6 3. d4 exd4 4. Nxd4 Bc5 5. Nb3 Bb6 6. Qe2 Nf6 7. e5 Nd5 8. c4 Ndb4 9. c5 Bxc5 10. Nxc5 Nd4 11. Qe4 Qe7 12. Na3 Qxc5 13. Bc4 Ndc6 14. 0-0 0-0 15. Bd2 d5 16. exd6 cxd6 17. Rfc1 Qf5 18. Qh4 d5 19. Bb3 Qg4 20. Qxg4 Bxg4 21. Nb5 Be6 22. Nd6 Rab8 23. a3 Nd3 24. Rc3 Nxb2 25. Rg3 Rfd8 26. Bf4 Nc4 27. Nxc4 dxc4 28. Bxb8 cxb3 29. Bf4 b2 30. Re1 Ba2 0-1

[Event "Helsinki Mestarit Areenalla"]
[Site "Helsinki"]
[Date "2020.06.02"]
[Round "3"]
[White "Luukkonen, Tommi"]
[Black "Keso, Elias"]
[Result "1/2-1/2"]
[WhiteElo "2290"]
[BlackElo "2301"]
[PlyCount "93"]
[EventDate "2020.05.31"]
[EventType "tourn"]
[EventRounds "5"]
[EventCountry "FIN"]
[EventCategory "2"]
[SourceTitle "CBM 196 Extra"]
[Source "ChessBase"]
[SourceDate "2020.07.31"]
[SourceVersion "1"]
[SourceVersionDate "2020.07.31"]
[SourceQuality "1"]

1. d4 Nf6 2. c4 b6 3. Nc3 Bb7 4. Qc2 d5 5. cxd5 Nxd5 6. e4 Nxc3 7. bxc3 e6 8. Nf3 Be7 9. Bb5+ c6 10. Bd3 c5 11. 0-0 cxd4 12. cxd4 0-0 13. Bb2 Nd7 14. Rfd1 Rc8 15. Qe2 Bb4 16. Rab1 Qe7 17. Bb5 Rfd8 18. Bc1 h6 19. d5 exd5 20. Nd4 Nf8 21. e5 Bc5 22. Nf5 Qe6 23. Qg4 Ng6 24. h4 h5 25. Qxh5 Qxe5 26. Qg4 Qe4 27. Qxe4 dxe4 28. Bb2 Bxf2+ 29. Kxf2 Rxd1 30. Rxd1 Rc2+ 31. Kg3 Rxb2 32. Rd8+ Kh7 33. Bc4 Ne5 34. Bb3 g6 35. Nd6 Bc6 36. Kf4 Nd3+ 37. Ke3 Rxg2 38. Nxf7 Rg3+ 39. Kd4 Nc5 40. Ng5+ Kg7 41. Bc4 Rg4 42. Ke5 e3 43. Rg8+ Kh6 44. Rh8+ Kg7 45. Rg8+ Kh6 46. Rh8+ Kg7 47. Rg8+ 1/2-1/2

[Event "Jyvaskyla Winter WE op"]
[Site "Jyvaskyla"]
[Date "2020.01.31"]
[Round "1"]
[White "Keso, Elias"]
[Black "Puuska, Heini"]
[Result "1-0"]
[WhiteElo "2200"]
[BlackElo "1995"]
[PlyCount "49"]
[EventDate "2020.01.31"]
[EventType "swiss"]
[EventRounds "5"]
[EventCountry "FIN"]
[SourceTitle "EXT 2021"]
[Source "ChessBase"]
[SourceDate "2020.10.23"]
[SourceVersion "1"]
[SourceVersionDate "2020.10.23"]
[SourceQuality "1"]

1. e4 c6 2. d4 d5 3. e5 c5 4. dxc5 Nc6 5. a3 Nxe5 6. b4 Nf6 7. Bb2 Ned7 8. Nf3 e6 9. c4 dxc4 10. Nbd2 Be7 11. Nxc4 0-0 12. Bd3 Qc7 13. 0-0 Rd8 14. Rc1 Nf8 15. Qb3 Bd7 16. Be5 Qc8 17. Nd6 Bxd6 18. cxd6 Qb8 19. Rc7 Nd5 20. Be4 Ng6 21. Bxd5 exd5 22. Bg3 Be6 23. Nd4 h5 24. Nxe6 fxe6 25. Qc3 1-0

[Event "Rilton Cup 49th"]
[Site "Stockholm"]
[Date "2020.01.05"]
[Round "9"]
[White "Keso, Elias"]
[Black "Bruaset, Eivind"]
[Result "0-1"]
[WhiteElo "2200"]
[BlackElo "2217"]
[PlyCount "102"]
[EventDate "2019.12.27"]
[EventType "swiss"]
[EventRounds "9"]
[EventCountry "SWE"]
[SourceTitle "EXT 2021"]
[Source "ChessBase"]
[SourceDate "2020.10.23"]
[SourceVersion "1"]
[SourceVersionDate "2020.10.23"]
[SourceQuality "1"]

1. e4 e6 2. d4 d5 3. Bd3 dxe4 4. Bxe4 Nf6 5. Bf3 c5 6. Ne2 e5 7. dxe5 Qxd1+ 8. Kxd1 Ng4 9. Bxg4 Bxg4 10. f3 Bf5 11. Ng3 Be6 12. Ke1 Nc6 13. f4 h5 14. Be3 g5 15. Ne4 gxf4 16. Nf6+ Kd8 17. Bxf4 Kc7 18. Nc3 Nd4 19. Rc1 Rd8 20. Kf2 h4 21. b3 Bh6 22. Bxh6 Rxh6 23. Nce4 b6 24. Ng5 Nc6 25. Nxe6+ fxe6 26. Ng4 Rh5 27. Rhe1 Rf5+ 28. Kg1 Rd2 29. Rf1 Nd4 30. Ne3 Rg5 31. Rf2 Re2 32. c3 Nxb3 33. Rxe2 Nxc1 34. Rc2 Nd3 35. Nc4 b5 36. Nd2 Rxe5 37. Nf3 Re4 38. h3 a5 39. Rd2 c4 40. Kf1 b4 41. Re2 Rxe2 42. Kxe2 Nf4+ 43. Ke3 Nxg2+ 44. Kd4 b3 45. a4 Nf4 46. Kxc4 b2 47. Nd2 Nxh3 48. Kb3 Ng5 49. Kxb2 h3 50. Nf1 Kc6 51. Kc2 Nf3 0-1

[Event "Rilton Cup 49th"]
[Site "Stockholm"]
[Date "2019.12.31"]
[Round "5"]
[White "Keso, Elias"]
[Black "Torngren, Gustav"]
[Result "1/2-1/2"]
[WhiteElo "2200"]
[BlackElo "2255"]
[PlyCount "60"]
[EventDate "2019.12.27"]
[EventType "swiss"]
[EventRounds "9"]
[EventCountry "SWE"]
[SourceTitle "CBM 194 Extra"]
[Source "ChessBase"]
[SourceDate "2020.03.31"]
[SourceVersion "1"]
[SourceVersionDate "2020.03.31"]
[SourceQuality "1"]

1. e4 e6 2. d4 d5 3. Nc3 Bb4 4. e5 Qd7 5. Qg4 f5 6. Qg3 b6 7. h4 Ba6 8. Bxa6 Nxa6 9. Nh3 0-0-0 10. 0-0 Kb7 11. Ne2 Nh6 12. a4 Rdg8 13. c3 Be7 14. b4 Nf7 15. b5 Nb8 16. Ng5 Nd8 17. h5 Qe8 18. Qf3 c6 19. Bd2 Bxg5 20. Bxg5 Nf7 21. Bd2 g5 22. c4 dxc4 23. Rfc1 Qd7 24. Rxc4 Rc8 25. Rc2 Rhd8 26. Rca2 Qd5 27. Qa3 a6 28. bxa6+ Nxa6 29. Rb2 Ka7 30. Nc3 Qd7 1/2-1/2

[Event "Rilton Cup 49th"]
[Site "Stockholm"]
[Date "2019.12.28"]
[Round "2"]
[White "Kenneskog, Theodor"]
[Black "Keso, Elias"]
[Result "0-1"]
[WhiteElo "2305"]
[BlackElo "2200"]
[PlyCount "68"]
[EventDate "2019.12.27"]
[EventType "swiss"]
[EventRounds "9"]
[EventCountry "SWE"]
[SourceTitle "CBM 194 Extra"]
[Source "ChessBase"]
[SourceDate "2020.03.31"]
[SourceVersion "1"]
[SourceVersionDate "2020.03.31"]
[SourceQuality "1"]

1. c4 g6 2. Nc3 Bg7 3. Nf3 Nf6 4. e4 d6 5. d4 0-0 6. Be2 e5 7. 0-0 Nc6 8. d5 Ne7 9. Ne1 Nd7 10. Be3 f5 11. f3 f4 12. Bf2 g5 13. Nd3 Ng6 14. c5 Nf6 15. Rc1 Rf7 16. cxd6 cxd6 17. Kh1 h5 18. Nb5 g4 19. Qc2 g3 20. hxg3 fxg3 21. Bxg3 h4 22. Bf2 Nh5 23. Nxa7 Bd7 24. Qd2 Kh7 25. Be3 Ngf4 26. Nxf4 exf4 27. Bf2 Qg5 28. Kh2 Ng3 29. Rh1 Be5 30. Nb5 Rg7 31. Rhg1 h3 32. Rc7 hxg2 33. Rxd7 Nf1+ 34. Rxf1 Qh5+ 0-1

[Event "FIN-chT 1920"]
[Site "Finland"]
[Date "2019.09.14"]
[Round "1.7"]
[White "Jarvenpaa, Jari"]
[Black "Keso, Elias"]
[Result "1/2-1/2"]
[WhiteElo "2231"]
[BlackElo "2223"]
[PlyCount "109"]
[EventDate "2019.09.14"]
[EventType "team-tourn"]
[EventRounds "11"]
[EventCountry "FIN"]
[SourceTitle "EXT 2022"]
[Source "ChessBase"]
[SourceDate "2021.10.06"]
[SourceVersion "1"]
[SourceVersionDate "2021.10.06"]
[SourceQuality "1"]
[WhiteTeam "Salo SalSK"]
[BlackTeam "Tampere Tammer"]
[WhiteTeamCountry "FIN"]
[BlackTeamCountry "FIN"]

1. d4 Nf6 2. Nf3 g6 3. g3 Bg7 4. Bg2 0-0 5. 0-0 d6 6. c4 c6 7. Nc3 Qa5 8. h3 Qa6 9. b3 b5 10. cxb5 cxb5 11. a4 b4 12. Na2 Qb6 13. a5 Qb5 14. Bd2 Nc6 15. e3 Rb8 16. Re1 Ne4 17. Bf1 Qb7 18. Qc2 Nxd2 19. Nxd2 Nxa5 20. Bg2 Qb5 21. Qc7 Be6 22. Nc1 Nb7 23. Rxa7 d5 24. Bf1 Qd7 25. Qxd7 Bxd7 26. Nd3 Be6 27. Nxb4 Na5 28. Rxa5 Rxb4 29. Ra7 Bf6 30. Rc1 Kg7 31. Bg2 Rb5 32. Kf1 Rc8 33. Rac7 Rcb8 34. h4 h6 35. R1c5 Kf8 36. Ke2 Bg4+ 37. Kd3 e6 38. Kc3 Bf5 39. f4 Be7 40. Rxb5 Rxb5 41. Nf3 Be4 42. Kb2 Bb4 43. Bf1 Ra5 44. Ne5 Bd2 45. Rc8+ Kg7 46. Nc6 Bc1+ 47. Kxc1 Ra1+ 48. Kd2 Rxf1 49. Ne5 Rf2+ 50. Kd1 Rb2 51. Rc7 Rxb3 52. Nxf7 Rxe3 53. Nd6+ Kg8 54. Rc8+ Kg7 55. Rc7+ 1/2-1/2

[Event "Helsinki EtVaS Autumn-A"]
[Site "Helsinki"]
[Date "2019.09.07"]
[Round "3"]
[White "Keso, Elias"]
[Black "Agopov, Mikael"]
[Result "0-1"]
[WhiteElo "2223"]
[BlackElo "2422"]
[PlyCount "64"]
[EventDate "2019.09.06"]
[EventType "tourn"]
[EventRounds "5"]
[EventCountry "FIN"]
[EventCategory "1"]
[SourceTitle "EXT 2021"]
[Source "ChessBase"]
[SourceDate "2020.10.23"]
[SourceVersion "1"]
[SourceVersionDate "2020.10.23"]
[SourceQuality "1"]

1. e4 c5 2. Nf3 d6 3. d4 cxd4 4. Nxd4 Nf6 5. Nc3 a6 6. h3 e6 7. g4 Be7 8. g5 Nfd7 9. Be3 b5 10. a3 Bb7 11. h4 Nc6 12. Qd2 Rc8 13. Nxc6 Bxc6 14. 0-0-0 Rb8 15. f4 a5 16. Bg2 b4 17. axb4 axb4 18. Nb1 Qa5 19. h5 0-0 20. e5 d5 21. g6 Ba4 22. Qf2 fxg6 23. b3 g5 24. bxa4 b3 25. c3 gxf4 26. Bd4 Nc5 27. Bf3 b2+ 28. Kd2 Ne4+ 29. Bxe4 dxe4 30. Qg2 e3+ 31. Ke1 f3 32. Qg4 Qa6 0-1

[Event "Heart of Finland op 29th"]
[Site "Jyvaskyla"]
[Date "2019.07.20"]
[Round "8"]
[White "Keso, Elias"]
[Black "Aalto, Patrik"]
[Result "1-0"]
[WhiteElo "2186"]
[BlackElo "2069"]
[PlyCount "57"]
[EventDate "2019.07.15"]
[EventType "swiss"]
[EventRounds "9"]
[EventCountry "FIN"]
[SourceTitle "EXT 2021"]
[Source "ChessBase"]
[SourceDate "2020.10.23"]
[SourceVersion "1"]
[SourceVersionDate "2020.10.23"]
[SourceQuality "1"]

1. e4 g6 2. d4 Bg7 3. Nc3 d6 4. f4 a6 5. Nf3 b5 6. Bd3 Bb7 7. 0-0 Nd7 8. a4 b4 9. Ne2 d5 10. e5 e6 11. g4 Nh6 12. f5 gxf5 13. gxf5 Nxf5 14. Bxf5 exf5 15. Ng3 Nf8 16. Nxf5 Rg8 17. Kh1 Qd7 18. Nxg7+ Rxg7 19. Bh6 Rg6 20. Bxf8 Kxf8 21. Nh4 Rg5 22. Qd2 Qg4 23. Rf4 Qc8 24. Rxf7+ Kxf7 25. Qxg5 Qe6 26. Rf1+ Ke8 27. Rf6 Qh3 28. Qg8+ Kd7 29. Qg7+ 1-0

[Event "FIN-ch U18/U20"]
[Site "Turku"]
[Date "2019.06.06"]
[Round "2"]
[White "Keinanen, Toivo"]
[Black "Keso, Elias"]
[Result "1/2-1/2"]
[WhiteElo "2370"]
[BlackElo "2136"]
[PlyCount "89"]
[EventDate "2019.06.06"]
[EventType "swiss"]
[EventRounds "7"]
[EventCountry "FIN"]
[SourceTitle "EXT 2021"]
[Source "ChessBase"]
[SourceDate "2020.10.23"]
[SourceVersion "1"]
[SourceVersionDate "2020.10.23"]
[SourceQuality "1"]

1. c4 e5 2. Nc3 Nf6 3. Nf3 Nc6 4. e4 d6 5. d4 exd4 6. Nxd4 g6 7. Be2 Bg7 8. Be3 0-0 9. 0-0 Re8 10. f3 a6 11. Qd2 Rb8 12. Rad1 Bd7 13. Rfe1 h5 14. Bf1 Nh7 15. Nd5 h4 16. h3 Be6 17. b3 Nxd4 18. Bxd4 Bxd4+ 19. Qxd4 c6 20. Ne3 Qg5 21. Qxd6 Rbd8 22. Qb4 Rxd1 23. Nxd1 Bxh3 24. f4 Qxf4 25. gxh3 Ng5 26. Bg2 Qg3 27. Re3 Nxh3+ 28. Kf1 Qf4+ 29. Rf3 Qxe4 30. Qd2 Ng5 31. Re3 Qf4+ 32. Qf2 Qxf2+ 33. Kxf2 Rd8 34. Nc3 Ne6 35. b4 Nf4 36. Bf1 Kf8 37. Ne4 Ne6 38. c5 Rd4 39. a3 a5 40. b5 f5 41. Nc3 Nxc5 42. Re5 Nd7 43. bxc6 bxc6 44. Rxa5 Ke7 45. Ne2 1/2-1/2